LIBRARY & INFORMATION CENTRE, KCAET, TAVANUR

ONLINE PUBLIC ACCESS CATALOGUE (OPAC)

Modern drafting / (Record no. 12434)

MARC details
000 -LEADER
fixed length control field 00408cam a2200169ua 4500
041 ## - LANGUAGE CODE
Language code of text/sound track or separate title eng
082 ## - DEWEY DECIMAL CLASSIFICATION NUMBER
Classification number 425
Item number JAI/MO
100 ## - MAIN ENTRY--AUTHOR NAME
Personal name Jain, R.C .
245 ## - TITLE STATEMENT
Title Modern drafting /
260 ## - PUBLICATION, DISTRIBUTION, ETC. (IMPRINT)
Place of publication Delhi :
Name of publisher Malhotra brothers ,
Year of publication 1964.
300 ## - PHYSICAL DESCRIPTION
Number of Pages 243 ; .
700 1# - ADDED ENTRY--PERSONAL NAME
Personal name jain R.C, Mohan M.C .
700 1# - ADDED ENTRY--PERSONAL NAME
Personal name Jain, R.C .
942 ## - ADDED ENTRY ELEMENTS (KOHA)
Koha item type Books
Holdings
Withdrawn status Lost status Damaged status Home library Current library Date acquired Full call number Accession Number Koha item type
Withdrawn     KAUAET Sanskrit University 07/04/2012 425 4715 Books
free website counter